011390000a22002770004500003001100000008004100011040003900052041000800091082001300099245006200112260003100174300001000205650003400215650006800249650005700317650006000374650007600434650005500510650007500565650003100640650005800671650002200729650003600751650004100787650003300828LK-CoMWRAF230817t ||||| |||| 00| 0 eng d aLK-CoMWRAFdLK-CoMWRAFeLK-CoMWRAF aeng a300bWOM aWomen, Struggles and StrategiesbThird World Perspectives bIsis Internationalac1986 ap.113 a"Diamond Mean Nothing to us!" aAlternative Communication for Women's Movements in Latin Africa aBotswana: Women Living in the Shadow of South Africa aDevelopment of Women's Organizations in the Philippines aFeminism and Popular Education: A Critical but Neccessary Relationship  aFeminism and the Grassroots Movement of Poor Women aFeminism in Sri Lanka in the Decade, 1975 to 1985 (Kumari Jayawardena) aKalpana: ANew Nepali Women aStrategies Against Prostitution: The Case of Thailand aWomen in Pakistan aWomen in Reproduction in Africa aWomen's Liberation: Myth or Reality? aZimbabwean Women in Industry